<?xml version="1.0" encoding="UTF-8"?>
<record
    xmlns:xsi="http://www.w3.org/2001/XMLSchema-instance"
    xsi:schemaLocation="http://www.loc.gov/MARC21/slim http://www.loc.gov/standards/marcxml/schema/MARC21slim.xsd"
    xmlns="http://www.loc.gov/MARC21/slim">

  <leader>01770nam a22001817a 4500</leader>
  <controlfield tag="003">IT-RoPau</controlfield>
  <controlfield tag="005">20220918175938.0</controlfield>
  <controlfield tag="008">130121b        xxu||||| |||| 00| 0 eng d</controlfield>
  <datafield tag="040" ind1=" " ind2=" ">
    <subfield code="c">IT-RoPau</subfield>
  </datafield>
  <datafield tag="100" ind1=" " ind2=" ">
    <subfield code="a">Papasogli, Giorgio</subfield>
    <subfield code="9">210</subfield>
  </datafield>
  <datafield tag="245" ind1=" " ind2=" ">
    <subfield code="a">Il beato Timoteo Giaccardo</subfield>
    <subfield code="b">della Societ&#xE0; San Paolo</subfield>
  </datafield>
  <datafield tag="250" ind1=" " ind2=" ">
    <subfield code="a">I</subfield>
  </datafield>
  <datafield tag="260" ind1=" " ind2=" ">
    <subfield code="a">Cinisello balsamo</subfield>
    <subfield code="b">SSP</subfield>
    <subfield code="c">1989</subfield>
  </datafield>
  <datafield tag="300" ind1=" " ind2=" ">
    <subfield code="a">317 p. con foto</subfield>
    <subfield code="c">20 cm</subfield>
  </datafield>
  <datafield tag="490" ind1=" " ind2=" ">
    <subfield code="a">edizioni paoline</subfield>
    <subfield code="v">I</subfield>
  </datafield>
  <datafield tag="520" ind1=" " ind2=" ">
    <subfield code="a">Indice

Presentazione
Nota bibliografica

                                       LA SUA VITA

Capitolo I
La veglia tra due secoli

Capitolo II
Don Alberione incontra
&lt;&lt;Pinotu&gt;&gt; Giaccardo

Capitolo III
Devozione mariana

Capitolo IV
Gli inizi della Famiglia Paolina

Capitolo V
Giuseppe Giaccardo entra
nella Famiglia Paolina

Capitolo VI
Professo nella Pia Societ&#xE0; San Paolo 

Capitolo VII
Le &lt;&lt;piccole&gt;&gt; vie di Don Alberione

Capitolo VIII
Brucia la tipografia

Capitolo IX
Sacerdote di Crsito

Capitolo X
Il discepolo Timoteo

Capitolo XI
Lotta contro se stesso

Capitolo XII
Sviluppo sorprendente dell'Istituto

Capitolo XIII
I due grandi temi sampaolini:
universalismo e unificazione
delle scienze

Capitolo XIV
La teologia del &lt;&lt;Maestro&gt;&gt;
e le quattro &lt;&lt;ruote&gt;&gt; paoline

Capitolo XV
La partenza per Roma

Capitolo XVI
Costruzione della casa di roma

Capitolo XVII
Superiore in Casa Madre

Capitolo XVIII
I gradi dell'amore

Capitolo XIX
Il vicario generale

Capitolo XX
Il miracolo per la beatificazione

                                       DAI SUOI SCRITTI 

Il Divino Maestro
Maria Santissima, Madre, Maestra
e Regina
San Paolo, l'Apostolo
La piet&#xE0;
La fede
La speranza
La carit&#xE0;
La povert&#xE0;
La castit&#xE0;
L'obbedienza
L'umilt&#xE0;, via alla gloria
Piccole virt&#xF9;, segreti di felicit&#xE0;


 


</subfield>
  </datafield>
  <datafield tag="942" ind1=" " ind2=" ">
    <subfield code="2">ddc</subfield>
    <subfield code="c">BK</subfield>
  </datafield>
  <datafield tag="999" ind1=" " ind2=" ">
    <subfield code="c">37808</subfield>
    <subfield code="d">37808</subfield>
  </datafield>
  <datafield tag="952" ind1=" " ind2=" ">
    <subfield code="0">0</subfield>
    <subfield code="1">0</subfield>
    <subfield code="2">ddc</subfield>
    <subfield code="4">0</subfield>
    <subfield code="6">P_B3</subfield>
    <subfield code="7">1</subfield>
    <subfield code="a">PAULUS</subfield>
    <subfield code="b">PAULUS</subfield>
    <subfield code="d">2013-01-21</subfield>
    <subfield code="l">0</subfield>
    <subfield code="o">P B3</subfield>
    <subfield code="r">2013-01-21 00:00:00</subfield>
    <subfield code="w">2013-01-21</subfield>
    <subfield code="y">BK</subfield>
  </datafield>
  <datafield tag="952" ind1=" " ind2=" ">
    <subfield code="0">0</subfield>
    <subfield code="1">0</subfield>
    <subfield code="2">ddc</subfield>
    <subfield code="4">0</subfield>
    <subfield code="6">P_B3</subfield>
    <subfield code="7">1</subfield>
    <subfield code="a">PAULUS</subfield>
    <subfield code="b">PAULUS</subfield>
    <subfield code="d">2013-01-21</subfield>
    <subfield code="l">0</subfield>
    <subfield code="o">P B3</subfield>
    <subfield code="r">2013-01-21 00:00:00</subfield>
    <subfield code="w">2013-01-21</subfield>
    <subfield code="y">BK</subfield>
  </datafield>
  <datafield tag="952" ind1=" " ind2=" ">
    <subfield code="0">0</subfield>
    <subfield code="1">0</subfield>
    <subfield code="2">ddc</subfield>
    <subfield code="4">0</subfield>
    <subfield code="6">P_B3</subfield>
    <subfield code="7">1</subfield>
    <subfield code="a">PAULUS</subfield>
    <subfield code="b">PAULUS</subfield>
    <subfield code="d">2013-12-14</subfield>
    <subfield code="l">0</subfield>
    <subfield code="o">P B3</subfield>
    <subfield code="r">2013-12-14 00:00:00</subfield>
    <subfield code="w">2013-12-14</subfield>
    <subfield code="y">BK</subfield>
  </datafield>
  <datafield tag="952" ind1=" " ind2=" ">
    <subfield code="0">0</subfield>
    <subfield code="1">0</subfield>
    <subfield code="2">ddc</subfield>
    <subfield code="4">0</subfield>
    <subfield code="6">P_B3</subfield>
    <subfield code="7">1</subfield>
    <subfield code="a">PAULUS</subfield>
    <subfield code="b">PAULUS</subfield>
    <subfield code="d">2013-12-14</subfield>
    <subfield code="l">0</subfield>
    <subfield code="o">P B3</subfield>
    <subfield code="r">2013-12-14 00:00:00</subfield>
    <subfield code="w">2013-12-14</subfield>
    <subfield code="y">BK</subfield>
  </datafield>
</record>
